Countries ending in a 3 letter word - Statistics

General Stats
  • This quiz has been taken 110 times
  • The average score is 40 of 67
Answer Stats
Hint Answer % Correct
And Finland
86%
Way Norway
82%
And Iceland
80%
Tan Pakistan
80%
And Poland
80%
Tan Uzbekistan
80%
Ark Denmark
79%
Nam Vietnam
79%
And Ireland
77%
Moa Samoa
77%
Tan Tajikistan
77%
Any Germany
75%
And Thailand
75%
Dom United Kingdom
75%
Tan Kazakhstan
73%
Pan Japan
71%
Tan Kyrgyzstan
71%
Ain Spain
71%
Den Sweden
71%
Tan Turkmenistan
71%
Had Chad
70%
And Switzerland
70%
Pal Nepal
68%
Gal Senegal
68%
Dan Sudan
68%
Tan Afghanistan
66%
Tho Lesotho
66%
Gal Portugal
66%
Dan South Sudan
66%
Dos Barbados
63%
Ran Iran
63%
Ait Kuwait
63%
Ova Moldova
63%
And New Zealand
63%
Men Yemen
63%
Ain Bahrain
61%
Dor Ecuador
61%
Man Oman
61%
Ama Panama
61%
Tar Qatar
59%
Ago Trinidad and Tobago
59%
Car Madagascar
57%
Tan Bhutan
55%
Dor El Salvador
54%
Sau Guinea Bissau
54%
Ore Singapore
54%
Ria Algeria
52%
Ria Bulgaria
50%
Pia Ethiopia
48%
Via Latvia
48%
Ria Nigeria
48%
Mas Bahamas
46%
Via Bolivia
46%
Ana Ghana
46%
Ala Guatemala
46%
Mar Myanmar
45%
Les Seychelles
45%
Ria Syria
45%
Ria Austria
41%
Ria Liberia
41%
One Sierra Leone
41%
Dan Jordan
39%
Ana Guyana
36%
Ras Honduras
36%
Vis Saint Kitts and Nevis
34%
Ana Botswana
29%
Van Taiwan
20%
No matching quizzes found
Score Distribution
Percent of People with Each Score
Percentile by Number Answered
Your Score History
You have not taken this quiz